000 00695nmc a2200265 a 4500
003 AR-BaBNM
005 20251128211806.0
008 146020s1986 ||||||||||||||000 | spa||
020 _a84-7600-098-7
040 _cAR-BaBNM
100 1 _aComenius, Johann Amos
_d1595-1670
245 1 0 _aDidáctica magna
260 _aMadrid
_bAkal
_c1986
300 0 _a326 p.
490 0 _aAkal Bolsillo
_v133
650 4 _aPEDAGOGIA
650 4 _aDIDACTICA
650 4 _aHISTORIA DE LA EDUCACION
650 4 _aFINALIDADES DE LA EDUCACION
650 4 _aORGANIZACION DE LA EDUCACION
653 0 _aMODERNIDAD
700 1 _aLópez Peces, Saturnino
_etraductor
942 _cBK
998 _cme-solo cat
999 _c21134
_d21134